Протокол № 180 заседания Малого Совета Народных Комиссаров от 3 января 1919 года и материалы к протоколу

Доступно только в Электронных читальных залах Найти на картеНа карте
RUSMARC
00003820nac2a22002771x 450
001703595a7-1249-45f9-9990-6ebb8d7c7ba8
00520160318062516.0
100##$a20150821l1919 k y0rusy50 ca
1010#$arus
102##$aRU
105##$ay z |||||
1220#$ad19190103
2001#$aПротокол № 180 заседания Малого Совета Народных Комиссаров от 3 января 1919 года и материалы к протоколу
$j3 января 1919
215##$a55 листов
251##$cДело
300##$aЛисты: 23, 25 - малоконтрастные и трудночитаемые; 8 - печатный материал
300##$aЧасть текста рукописная и машинописная, часть - напечатана типографским способом
324##$aКопия
325##$aЗамикрофильмировано
330##$aВходит в раздел описи: XIII. Бюро коллектива сотрудников СНК. б/ Протоколы Малого Совета Народных Комиссаров
461#0$1001ad6baeac-e292-4829-90d1-2f4f65796a62
$12001
$aСОВЕТ НАРОДНЫХ КОМИССАРОВ РСФСР (СНК РСФСР)
$1251
$cФонд
$1852
$j130
$gР
462#0$1001b67950a2-451c-4959-b990-a53e352adcaa
$12001
$a1919 год
$vД. 765
$1251
$cОпись
$1852
$j3
60101$3RU\NLR\AUTH\661074810
$aРСФСР
$bСовет Народных Комиссаров
801#0$aRU
$bGA_RF
801#1$aRU
$bНПО Опыт
$c20150821
$2rusmarc
801#2$aRU
$bПБ им. Б.Н. Ельцина
$c20160318
$gRCR
$2rusmarc
852##$aГА РФ
$j765
937##$d68191141
$hПБ
035##$aRuPRLIB51033063
Формат отображения